Magyar iparfejlődés 1790-1848

Saved in:
Bibliographic Details
Format: Book
Language:Hungarian
Published: Budapest Közoktatásügyi Kiadóvállalat 1951
Tags: Add Tag
No Tags, Be the first to tag this record!

MARC

LEADER 00000nam a2200000 4500
001 0314221
005 20260120103518.6
041 0 |a hun 
044 |a HU 
245 1 0 |a Magyar iparfejlődés  |b 1790-1848  |c Gyula Mérei 
264 1 |a Budapest  |b Közoktatásügyi Kiadóvállalat  |c 1951